Exceptional Weierstrass points and the divisor on moduli space that they define

Αποθηκεύτηκε σε:
Λεπτομέρειες βιβλιογραφικής εγγραφής
Κύριος συγγραφέας: Diaz, Steven 1957-
Μορφή: Βιβλίο
Γλώσσα:English
Δημοσίευση: Providence, Rhode Island : American Mathematical Society, 1985
Σειρά:Memoirs of the American Mathematical Society ; ; 327
Θέματα:
Ετικέτες: Προσθήκη ετικέτας
Δεν υπάρχουν, Καταχωρήστε ετικέτα πρώτοι!

MARC

LEADER 00000nam a2200000 i 4500
001 1/51702
008 941103s1985 eng d
020 |a 0-8218-2328-0 
035 |a 1994  |l 10044215 
040 |a GR-MY-UA  |b gre  |e aacr 
041 0 |a eng 
082 0 |a 516.35 
100 1 |a Diaz, Steven  |d 1957-. 
245 1 0 |a Exceptional Weierstrass points and the divisor on moduli space that they define /  |c Steven Diaz 
260 |a Providence, Rhode Island :   |b American Mathematical Society,   |c 1985 
300 |a 69 σ.;  |c 25 εκ. 
490 1 |a Memoirs of the American Mathematical Society  |v ; 327 
504 |a Περιέχει βιβλιογραφικές αναφορές 
650 0 0 |a Weierstrass points. 
830 0 |a Memoirs of the American Mathematical Society ;  |v ; 327 
852 |a INST  |b SAMOS  |e 19941103  |h 516.35 DIA  |p 005300002498  |q 005300002498  |t BK  |y 0 
909 |a Σ  |b 033627